Die Beziehungen Natsume Sosskis zum Kreis der Shaseibun-Schriftsteller /

Hlavní autor: Walzock, Karlheinz
Korporativní autor: Ruhr-Universität Bochum
Jazyk: Němčina
Vydáno: Bochum : K. Walzock, 1975
Fyzický popis: 189 s.
Knihy
Uloženo v:
LEADER 00708nam a22002172a 4500
001 001221141
003 CZ BrMZK
005 20130107135201.0
007 ta
008 120608s1975 gw er 000 0 ger d
040 |a BOA001  |b cze 
100 1 |a Walzock, Karlheinz  |4 dis 
245 1 4 |a Die Beziehungen Natsume Sosskis zum Kreis der Shaseibun-Schriftsteller /  |c Karlheinz Walzock 
260 |a Bochum :  |b K. Walzock,  |c 1975 
300 |a 189 s. 
502 |a Disertace--Ruhr-Universität Bochum, 1975 
710 2 |a Ruhr-Universität Bochum  |7 kn20010710603 
910 |a BOA001  |b 2-0756.139 
990 |a BK 
991 |b 201206 
996 7 |b 2619531175  |c 2-0756.139  |l MZK  |r Sklad / do 1 hodiny  |n 0  |w 001255079  |u 000010  |a 1  |e BOA001  |j MZK50  |s A